| 000 | 00585 a2200217 4500 | ||
|---|---|---|---|
| 001 | 065734 | ||
| 003 | OSt | ||
| 005 | 20210903125204.0 | ||
| 008 | |||
| 082 |
_a338.5024658 _bP44M |
||
| 100 | 1 | _aPeterson, C.H. | |
| 245 | 1 |
_aManagerial economics _cby C.H. Peterson, W.C. Lewis and S.K. Jain |
|
| 250 | _a4th ed. | ||
| 260 |
_aNew Delhi _bPearson _c2009 |
||
| 300 | _a622p. | ||
| 630 | _aEconomics | ||
| 690 | _aManagerial economics; Managerial economics--Study and teaching | ||
| 700 | _aLawis, W.C. | ||
| 700 | _aJain, S.K. | ||
| 942 |
_2ddc _cBK |
||
| 999 |
_c109 _d109 |
||